Desigualdad, profundidad financiera e impacto en la cuenta corriente (Registro nro. 15210)

Detalles MARC
000 -LEADER
fixed length control field 00411 a2200133 4500
001 - CONTROL NUMBER
control field ART_36221
005 - DATE AND TIME OF LATEST TRANSACTION
control field 20260410161701.0
008 - FIXED-LENGTH DATA ELEMENTS--GENERAL INFORMATION
fixed length control field 260409a
100 1# - MAIN ENTRY--PERSONAL NAME
Personal name Carrera, Jorge E.
245 10 - TITLE STATEMENT
Title Desigualdad, profundidad financiera e impacto en la cuenta corriente
700 1# - ADDED ENTRY--PERSONAL NAME
Personal name Rodríguez, Esteban
700 1# - ADDED ENTRY--PERSONAL NAME
Personal name Sardi, Mariano
773 0# - HOST ITEM ENTRY
Title Ensayos Económicos
Related parts - Nº 72 (jun. 2015)
Record control number REV620

No hay ítems disponibles.